000 00400nam a2200157Ia 4500
008 160316s2007 xxu||||| |||| 00| 0 eng d
082 _a344.044000
_bBOW
100 _aBowen Paul
245 _aThe mental health act 2007
250 _a
260 _aOxford
_bOxford University Press
_c2007
300 _a580p
_b
_clvii
365 _bRs. 2,887
650 _a1.Mental Health Act - 1987
700 _a
_a
999 _c24649
_d24649